Audiovisual communication (Record no. 8024)

000 -LEADER
fixed length control field 00343nam a22001457a 4500
003 - CONTROL NUMBER IDENTIFIER
control field OSt
005 - DATE AND TIME OF LATEST TRANSACTION
control field 20200617163213.0
008 - FIXED-LENGTH DATA ELEMENTS--GENERAL INFORMATION
fixed length control field 200617b ||||| |||| 00| 0 eng d
020 ## - INTERNATIONAL STANDARD BOOK NUMBER
International Standard Book Number 9789881574336
082 ## - DEWEY DECIMAL CLASSIFICATION NUMBER
Classification number 725.83
Item number XUQ
100 ## - MAIN ENTRY--PERSONAL NAME
Personal name Xu Qunyan
245 ## - TITLE STATEMENT
Title Audiovisual communication
260 ## - PUBLICATION, DISTRIBUTION, ETC. (IMPRINT)
Name of publisher, distributor, etc ArtPower International
Date of publication, distribution, etc 2014
942 ## - ADDED ENTRY ELEMENTS (KOHA)
Source of classification or shelving scheme
Holdings
Withdrawn status Lost status Source of classification or shelving scheme Damaged status Koha normalized classification for sorting Not for loan Permanent location Current location Date acquired Full call number Barcode Date last seen Price effective from Koha item type
        725_830000000000000_XUQ   BMS College of Architecture, Design and Planning BMS College of Architecture, Design and Planning 2020-06-17 725.83 XUQ AR-UG1784 2020-06-17 2020-06-17 UG Books
Copyright © 2025, The Librarian, Library and Information Centre, BMSCA D&P, Bengaluru. All Rights Reserved
web counter

Powered by Koha